[Event "SVK-chT4 A22 1617"]
[Site "Slovakia"]
[Date "2016.11.06"]
[Round "3.2"]
[White "Rusnacik, Milan"]
[Black "Vargaova, Veronika"]
[Result "1-0"]
[WhiteElo "1329"]
[BlackElo "1101"]
[PlyCount "75"]
[EventDate "2016.10.09"]
[EventType "team-tourn"]
[EventRounds "11"]
[EventCountry "SVK"]
[SourceTitle "EXT 2020"]
[Source "ChessBase"]
[SourceDate "2019.10.17"]
[SourceVersion "1"]
[SourceVersionDate "2019.10.17"]
[SourceQuality "1"]

1. d4 d5 2. c4 dxc4 3. Nc3 e6 4. Nf3 Nc6 5. g3 Nf6 6. Bg2 Bb4 7. 0-0 Bd7 8. Bf4 Bd6 9. Bg5 h6 10. Bd2 Qe7 11. e4 e5 12. Nd5 Nxd5 13. exd5 Nxd4 14. Nxd4 exd4 15. Re1 Be5 16. f4 c3 17. Rxe5 Qxe5 18. fxe5 cxd2 19. Qxd2 0-0 20. Qxd4 Rae8 21. Rc1 Rc8 22. a3 a6 23. Re1 Rfe8 24. Be4 b6 25. Bb1 Re7 26. Qd3 f5 27. e6 Bb5 28. Qxf5 g6 29. Qxg6+ Rg7 30. Qxh6 Rf8 31. Ba2 Re8 32. d6 cxd6 33. e7+ Rf7 34. Qg6+ Kh8 35. Qxf7 d5 36. Bb1 Bd3 37. Bxd3 Rxe7 38. Qf8# 1-0

[Event "SVK-ch U14 Girls"]
[Site "Stara Lubovna"]
[Date "2014.04.08"]
[Round "4"]
[White "Tomcikova, Zuzana"]
[Black "Vargaova, Veronika"]
[Result "1/2-1/2"]
[WhiteElo "1570"]
[BlackElo "1000"]
[PlyCount "100"]
[EventDate "2014.04.05"]
[EventType "swiss"]
[EventRounds "7"]
[EventCountry "SVK"]
[SourceTitle "EXT 2016"]
[Source "ChessBase"]
[SourceDate "2015.10.08"]
[SourceVersion "1"]
[SourceVersionDate "2015.10.08"]
[SourceQuality "1"]

1. e4 e5 2. Nf3 Nc6 3. Bc4 Nf6 4. Ng5 Qe7 5. Bxf7+ Kd8 6. Bb3 d6 7. Nf7+ Ke8 8. Nxh8 Nd4 9. d3 Bg4 10. f3 Bh5 11. Bg5 Qd7 12. c3 Ne6 13. Bxf6 gxf6 14. g4 Bg6 15. Nxg6 hxg6 16. Bxe6 Qxe6 17. Nd2 f5 18. Qb3 Qd7 19. h3 Be7 20. Qg8+ Bf8 21. Qxg6+ Kd8 22. Qxf5 Qe7 23. 0-0-0 Bh6 24. Kb1 Qh4 25. Qh5 Qf6 26. Qf5 Qe7 27. Qg6 Rc8 28. Qxh6 Kd7 29. Qe3 Rf8 30. Rdf1 Qe6 31. Qxa7 b6 32. Nc4 Kc6 33. Qa4+ b5 34. Qa6+ Kd7 35. Qxb5+ Ke7 36. Qb7 Rc8 37. Nb6 Rf8 38. Qxc7+ Kf6 39. Nd7+ Kf7 40. Nxf8+ Kxf8 41. f4 Ke8 42. fxe5 dxe5 43. Rf5 Qxa2+ 44. Kc2 Qxb2+ 45. Kd1 Qc1+ 46. Ke2 Qd2+ 47. Kf1 Qe1+ 48. Kg2 Qg3+ 49. Kf1 Qe1+ 50. Kg2 Qg3+ 1/2-1/2

[Event "SVK-ch U14 Girls"]
[Site "Stara Lubovna"]
[Date "2014.04.07"]
[Round "3"]
[White "Vargaova, Veronika"]
[Black "Cibikova, Sofia Anna"]
[Result "0-1"]
[WhiteElo "1000"]
[BlackElo "1174"]
[PlyCount "50"]
[EventDate "2014.04.05"]
[EventType "swiss"]
[EventRounds "7"]
[EventCountry "SVK"]
[SourceTitle "EXT 2016"]
[Source "ChessBase"]
[SourceDate "2015.10.08"]
[SourceVersion "1"]
[SourceVersionDate "2015.10.08"]
[SourceQuality "1"]

1. e4 Nf6 2. Nc3 d5 3. f3 d4 4. Nce2 e5 5. d3 Nc6 6. Bg5 Be7 7. Bh4 0-0 8. Nc1 Be6 9. Nge2 Nh5 10. Bf2 Bg5 11. Nb3 Nf4 12. Ng3 Bh4 13. Nc5 Qd6 14. Nxb7 Qb4+ 15. Qd2 Qxb7 16. b3 Qb4 17. Qxb4 Nxb4 18. Rc1 Nxa2 19. Ra1 Nc3 20. Ra6 Rfb8 21. Ra3 a5 22. h3 a4 23. b4 Rxb4 24. Rh2 Rb1+ 25. Kd2 Rd1# 0-1

[Event "SVK-ch U14 Girls"]
[Site "Stara Lubovna"]
[Date "2014.04.06"]
[Round "2"]
[White "Ucekajova, Veronika"]
[Black "Vargaova, Veronika"]
[Result "1-0"]
[WhiteElo "1662"]
[BlackElo "1000"]
[PlyCount "41"]
[EventDate "2014.04.05"]
[EventType "swiss"]
[EventRounds "7"]
[EventCountry "SVK"]
[SourceTitle "EXT 2016"]
[Source "ChessBase"]
[SourceDate "2015.10.08"]
[SourceVersion "1"]
[SourceVersionDate "2015.10.08"]
[SourceQuality "1"]

1. e4 e5 2. Nf3 Nc6 3. Bc4 Bc5 4. c3 Nf6 5. d4 exd4 6. e5 Ng4 7. cxd4 Bxd4 8. Nxd4 Ncxe5 9. Bb3 d6 10. 0-0 Bf5 11. Nxf5 Qf6 12. Ne3 h5 13. Nd5 Qe6 14. Nxc7+ Kd7 15. Nxe6 Ke7 16. Nc7 Rac8 17. Nb5 Rc5 18. Qxd6+ Ke8 19. Qxc5 Nd3 20. Qd6 Nde5 21. Nc7# 1-0